000 01513nam a2200301Ia 4500
003 OSt
005 20210512162552.0
008 210310s2007 sp ad gr 000 0 spa d
020 _a9788446027355
040 _aCO-JMCR
_cCO-JMCR
041 1 _aspa
_heng
082 0 4 _a330.951 /
_bA773a
_223
100 1 _aArringhi, Giovanni,
_eautor
_926181
245 0 _aAdam Smith en Pekín :
_borígenes y fundamentos del siglo XXI /
_cGiovanni Arrighi ; traducción de Juanmari Madariaga
260 _aMadrid, España :
_bAkal ,
_c2007.
300 _a431 páginas :
_bilustraciones y gráficas en blanco y negro ;
_c24 cm.
490 0 _aCuestiones de antagonismo ;
_v50.
500 _aDatos biográficos del autor en tapa posterior.
501 _aCon: notas a pie de página.
504 _aBibliografía: páginas 405-428.
505 0 _aAdam Smit y la nueva era asiática. -- Indagaciones sobre la turbulencia global. -- El desmoronamiento de la hegemonía. -- Orígenes y fundamentos de la nueva era asiática
520 0 _aEste libro analiza magistralmente cuál ha sido la senda de evolución socio-económica de China durante los últimos siglos al hilo de los cuales el capitalismo surgió en el extremo occidental de Eurasia llegando a subyugar a todo el paneta a finales del siglo XIX.
650 1 4 _aDesarrollo económico
_937579
650 2 4 _aHistoria económica
_937580
650 2 4 _aEconomía
_xAspectos sociológicos
_937581
700 1 _aMadariaga, Juanmari,
_etraductor
_96964
942 _2ddc
_cBK
999 _c11683
_d11683